MARC-detaljer
| 000 -LEADER |
| fixed length control field |
06453cam a2201285 a 4500 |
| 001 - CONTROL NUMBER |
| control field |
14215145 |
| 003 - CONTROL NUMBER IDENTIFIER |
| control field |
LIBRIS |
| 005 - DATE AND TIME OF LATEST TRANSACTION |
| control field |
20201015111931.0 |
| 008 - FIXED-LENGTH DATA ELEMENTS--GENERAL INFORMATION |
| fixed length control field |
130518s2013 sw |||||||||||000 h|swe|c |
| 020 ## - INTERNATIONAL STANDARD BOOK NUMBER |
| International Standard Book Number |
9789175032207 |
| 035 ## - SYSTEM CONTROL NUMBER |
| System control number |
(BOKR)9789175032207 |
| 035 ## - SYSTEM CONTROL NUMBER |
| System control number |
(Bo)500822 |
| 040 ## - CATALOGING SOURCE |
| Original cataloging agency |
BOKR |
| Modifying agency |
L |
| -- |
S |
| Description conventions |
a |
| 041 ## - LANGUAGE CODE |
| Language code of text/sound track or separate title |
swe |
| 082 04 - DEWEY DECIMAL CLASSIFICATION NUMBER |
| Classification number |
839.738 |
| Edition number |
23/swe |
| 084 ## - OTHER CLASSIFICATION NUMBER |
| Classification number |
Hc.017 |
| Number source |
kssb/8 |
| 100 1# - MAIN ENTRY--PERSONAL NAME |
| Personal name |
Backman, Fredrik, |
| Dates associated with a name |
1981- |
| Relationship |
aut |
| Authority record control number or standard number |
https://libris.kb.se/86lpwxjs1bmhnll#it |
| 245 10 - TITLE STATEMENT |
| Title |
Saker min son behöver veta om världen / |
| Statement of responsibility, etc. |
Fredrik Backman. |
| 250 ## - EDITION STATEMENT |
| Edition statement |
[Ny utg.] |
| 264 #1 - PRODUCTION, PUBLICATION, DISTRIBUTION, MANUFACTURE, AND COPYRIGHT NOTICE |
| Place of production, publication, distribution, manufacture |
Stockholm : |
| Name of producer, publisher, distributor, manufacturer |
Månpocket, |
| Date of production, publication, distribution, manufacture, or copyright notice |
2013 |
| 264 #3 - PRODUCTION, PUBLICATION, DISTRIBUTION, MANUFACTURE, AND COPYRIGHT NOTICE |
| Place of production, publication, distribution, manufacture |
Litauen |
| 300 ## - PHYSICAL DESCRIPTION |
| Extent |
201 s. |
| Dimensions |
18 cm |
| 340 ## - PHYSICAL MEDIUM |
| Dimensions |
18 cm |
| 490 0# - SERIES STATEMENT |
| Series statement |
Månpocket, |
| International Standard Serial Number |
99-0184541-6 |
| 500 ## - GENERAL NOTE |
| General note |
Originalupplaga 2012 |
| 500 ## - GENERAL NOTE |
| Institution to which field applies |
Bo |
| General note |
Annan upplaga kan finnas vid biblioteket |
| 500 ## - GENERAL NOTE |
| Institution to which field applies |
Umdp |
| General note |
[Ny tr.], 2015 |
| 887 ## - NON-MARC INFORMATION FIELD |
| Content of non-MARC field |
{"@id":"tc59cmr515nbxph","modified":"2017-08-21T16:46:19+02:00","checksum":"126174561991"} |
| Source of data |
librisxl |
| 887 ## - NON-MARC INFORMATION FIELD |
| Content of non-MARC field |
{"@id":"lvt9vm66jz74njx8","modified":"2018-09-27T08:01:39.626+02:00","checksum":"28265165246"} |
| Source of data |
librisxl |
| 887 ## - NON-MARC INFORMATION FIELD |
| Content of non-MARC field |
{"@id":"kpx6w9jq2ggsr32","modified":"2017-08-03T15:46:31+02:00","checksum":"40247384731"} |
| Source of data |
librisxl |
| 887 ## - NON-MARC INFORMATION FIELD |
| Content of non-MARC field |
{"@id":"w17w1l424wlj6n9","modified":"2014-08-25T10:53:48+02:00","checksum":"31323455648"} |
| Source of data |
librisxl |
| 887 ## - NON-MARC INFORMATION FIELD |
| Content of non-MARC field |
{"@id":"kpwj0w8q077pd88","modified":"2014-04-01T12:07:55+02:00","checksum":"19180783561"} |
| Source of data |
librisxl |
| 887 ## - NON-MARC INFORMATION FIELD |
| Content of non-MARC field |
{"@id":"26dzdkr72j45c62","modified":"2013-11-25T15:07:24+01:00","checksum":"26329681025"} |
| Source of data |
librisxl |
| 887 ## - NON-MARC INFORMATION FIELD |
| Content of non-MARC field |
{"@id":"8dl46qrf1fglrf7","modified":"2013-10-05T08:13:53+02:00","checksum":"32855799188"} |
| Source of data |
librisxl |
| 887 ## - NON-MARC INFORMATION FIELD |
| Content of non-MARC field |
{"@id":"8dld9k4f24stgj4","modified":"2015-04-17T08:22:14+02:00","checksum":"29817562488"} |
| Source of data |
librisxl |
| 887 ## - NON-MARC INFORMATION FIELD |
| Content of non-MARC field |
{"@id":"6bkxfh1c278p506","modified":"2017-11-17T11:55:40+01:00","checksum":"26692580914"} |
| Source of data |
librisxl |
| 887 ## - NON-MARC INFORMATION FIELD |
| Content of non-MARC field |
{"@id":"rw3mjcxx5f6fhlz","modified":"2013-09-10T10:24:22+02:00","checksum":"17612603802"} |
| Source of data |
librisxl |
| 887 ## - NON-MARC INFORMATION FIELD |
| Content of non-MARC field |
{"@id":"v06v0mt14f0th4w","modified":"2014-07-07T16:30:24+02:00","checksum":"35332547079"} |
| Source of data |
librisxl |
| 887 ## - NON-MARC INFORMATION FIELD |
| Content of non-MARC field |
{"@id":"6bkcs4kc2s68x40","modified":"2015-06-10T12:12:13+02:00","checksum":"35317359944"} |
| Source of data |
librisxl |
| 887 ## - NON-MARC INFORMATION FIELD |
| Content of non-MARC field |
{"@id":"w17smfx24sn6r3p","modified":"2014-03-05T10:27:23+01:00","checksum":"13052544567"} |
| Source of data |
librisxl |
| 887 ## - NON-MARC INFORMATION FIELD |
| Content of non-MARC field |
{"@id":"qv3z6phw0vwjxpx","modified":"2015-11-06T14:05:18+01:00","checksum":"37948933215"} |
| Source of data |
librisxl |
| 887 ## - NON-MARC INFORMATION FIELD |
| Content of non-MARC field |
{"@id":"26fk1rx754m28zl","modified":"2017-01-24T14:21:03+01:00","checksum":"33664177350"} |
| Source of data |
librisxl |
| 887 ## - NON-MARC INFORMATION FIELD |
| Content of non-MARC field |
{"@id":"6bjbtx5c4tsnczn","modified":"2015-03-13T18:57:01+01:00","checksum":"35183029139"} |
| Source of data |
librisxl |
| 887 ## - NON-MARC INFORMATION FIELD |
| Content of non-MARC field |
{"@id":"mr09d73s2rvjbcn","modified":"2017-09-08T11:22:33+02:00","checksum":"33886870878"} |
| Source of data |
librisxl |
| 887 ## - NON-MARC INFORMATION FIELD |
| Content of non-MARC field |
{"@id":"6bj95v6c0ndbf8h","modified":"2015-01-30T12:37:29+01:00","checksum":"29334030954"} |
| Source of data |
librisxl |
| 887 ## - NON-MARC INFORMATION FIELD |
| Content of non-MARC field |
{"@id":"04bvrnr5278m45d","modified":"2020-04-20T11:18:48.457+02:00","checksum":"19368206614"} |
| Source of data |
librisxl |
| 887 ## - NON-MARC INFORMATION FIELD |
| Content of non-MARC field |
{"@id":"hmtccn6n272zbwt","modified":"2013-09-26T16:00:09+02:00","checksum":"23997014312"} |
| Source of data |
librisxl |
| 887 ## - NON-MARC INFORMATION FIELD |
| Content of non-MARC field |
{"@id":"v07638z12jh9txj","modified":"2016-03-02T08:45:49+01:00","checksum":"37392083155"} |
| Source of data |
librisxl |
| 887 ## - NON-MARC INFORMATION FIELD |
| Content of non-MARC field |
{"@id":"z39tr1m425m2q6p","modified":"2013-09-19T11:38:48+02:00","checksum":"31226096490"} |
| Source of data |
librisxl |
| 887 ## - NON-MARC INFORMATION FIELD |
| Content of non-MARC field |
{"@id":"ns1119qt5bhpvdl","modified":"2016-04-22T15:06:38+02:00","checksum":"19681879720"} |
| Source of data |
librisxl |
| 887 ## - NON-MARC INFORMATION FIELD |
| Content of non-MARC field |
{"@id":"jnw55s6p257rgm8","modified":"2017-08-21T16:46:30+02:00","checksum":"27407795408"} |
| Source of data |
librisxl |
| 900 0s - EQUIVALENCE OR CROSS-REFERENCE-PERSONAL NAME [LOCAL, CANADA] |
| Linkage |
100 |
| Dates associated with a name |
1981- |
| Affiliation |
Backman, Fredrik, |
| Dates associated with a name |
1981- |
| 900 1s - EQUIVALENCE OR CROSS-REFERENCE-PERSONAL NAME [LOCAL, CANADA] |
| Linkage |
100 |
| Dates associated with a name |
1981- |
| Affiliation |
Backman, Fredrik, |
| Dates associated with a name |
1981- |
| 900 1s - EQUIVALENCE OR CROSS-REFERENCE-PERSONAL NAME [LOCAL, CANADA] |
| Linkage |
100 |
| Dates associated with a name |
1981- |
| Affiliation |
Backman, Fredrik, |
| Dates associated with a name |
1981- |
| 900 1s - EQUIVALENCE OR CROSS-REFERENCE-PERSONAL NAME [LOCAL, CANADA] |
| Linkage |
100 |
| Dates associated with a name |
1981- |
| Affiliation |
Backman, Fredrik, |
| Dates associated with a name |
1981- |
| 900 1s - EQUIVALENCE OR CROSS-REFERENCE-PERSONAL NAME [LOCAL, CANADA] |
| Linkage |
100 |
| Dates associated with a name |
1981- |
| Affiliation |
Backman, Fredrik, |
| Dates associated with a name |
1981- |
| 900 1s - EQUIVALENCE OR CROSS-REFERENCE-PERSONAL NAME [LOCAL, CANADA] |
| Linkage |
100 |
| Dates associated with a name |
1981- |
| Affiliation |
Backman, Fredrik, |
| Dates associated with a name |
1981- |
| 900 1s - EQUIVALENCE OR CROSS-REFERENCE-PERSONAL NAME [LOCAL, CANADA] |
| Linkage |
100 |
| Dates associated with a name |
1981- |
| Affiliation |
Backman, Fredrik, |
| Dates associated with a name |
1981- |
| 900 1s - EQUIVALENCE OR CROSS-REFERENCE-PERSONAL NAME [LOCAL, CANADA] |
| Linkage |
100 |
| Dates associated with a name |
1981- |
| Affiliation |
Backman, Fredrik, |
| Dates associated with a name |
1981- |
| 900 1s - EQUIVALENCE OR CROSS-REFERENCE-PERSONAL NAME [LOCAL, CANADA] |
| Linkage |
100 |
| Dates associated with a name |
1981- |
| Affiliation |
Backman, Fredrik, |
| Dates associated with a name |
1981- |
| 900 1s - EQUIVALENCE OR CROSS-REFERENCE-PERSONAL NAME [LOCAL, CANADA] |
| Linkage |
100 |
| Dates associated with a name |
1981- |
| Affiliation |
Backman, Fredrik, |
| Dates associated with a name |
1981- |
| 900 1s - EQUIVALENCE OR CROSS-REFERENCE-PERSONAL NAME [LOCAL, CANADA] |
| Linkage |
100 |
| Dates associated with a name |
1981- |
| Affiliation |
Backman, Fredrik, |
| Dates associated with a name |
1981- |
| 942 ## - ADDED ENTRY ELEMENTS (KOHA) |
| Source of classification or shelving scheme |
Other/Generic Classification Scheme |
| Koha item type |
Bok |